| 000 | 00411nam a22001457a 4500 | ||
|---|---|---|---|
| 005 | 20250321161803.0 | ||
| 008 | 241108b |||||||| |||| 00| 0 eng d | ||
| 020 | _a9789350286869 | ||
| 245 | _aTelecom, Media & Press Law | ||
| 250 | _aSecond Edition | ||
| 260 |
_aLucknow, India _bEastern Book Company _c2012 |
||
| 300 |
_axxiv, 768 pages _bIncludes index _c24 cm |
||
| 650 |
_2Media Law _xIndia |
||
| 942 |
_2lcc _cBK _n0 |
||
| 999 |
_c944 _d944 |
||